Architecture of an inclusive society : Eight Indira Gandhi Conference (Record no. 189)

MARC details
000 -LEADER
fixed length control field 00349nam a2200121Ia 4500
008 - FIXED-LENGTH DATA ELEMENTS--GENERAL INFORMATION
fixed length control field 230125s9999 xx 000 0 und d
020 ## - INTERNATIONAL STANDARD BOOK NUMBER
International Standard Book Number 818712900X
100 ## - MAIN ENTRY--PERSONAL NAME
Personal name Indira Gandhi Memorial Trust
245 #0 - TITLE STATEMENT
Title Architecture of an inclusive society : Eight Indira Gandhi Conference
260 ## - PUBLICATION, DISTRIBUTION, ETC.
Name of publisher, distributor, etc. Mudrit Pub.
Date of publication, distribution, etc. 2003
Place of publication, distribution, etc. Delhi
300 ## - PHYSICAL DESCRIPTION
Extent 600p
942 ## - ADDED ENTRY ELEMENTS (KOHA)
Koha item type Book
Source of classification or shelving scheme Dewey Decimal Classification
Holdings
Withdrawn status Lost status Source of classification or shelving scheme Damaged status Not for loan Collection code Home library Current library Shelving location Date acquired Cost, normal purchase price Full call number Barcode Date last seen Price effective from Koha item type Public note
    Dewey Decimal Classification     Non-fiction RIC Library RIC Library General Stacks 01/25/2023 495.00 305 INDA 000188 01/25/2023 01/25/2023 Book R-5.3

Venue

Rajasthan International Centre
Sansthan Path,JLN Marg, Jaipur- 302017
Phone: +91-7230904025